00619 a2200229 4500260001400000300001100014245003600025650001300061650003100074650002800105650001400133260001100147300001000158260000900168100000700177630011500184037001000299650003100309100001900340044001400359020001600373 bHeinemann a212 p. aGeographical regions of Nigeria aRégion aAménagemnt du territoire aRégion géographique aNigéria aLondon b28 cm c1970 lEn a91 - Geographie. Exploration de la terre, des diverses regions, des divers pays. Voyages. Geographie regionale a15236 a9 - GEOGRAPHIE ET HISTOIRE aUdo, Reuben K. cNigéria a435-34913-9